| 000 | 00506nam a2200253Ia 4500 | ||
|---|---|---|---|
| 001 | 072149 | ||
| 003 | YMCAF | ||
| 005 | 20230512160747.0 | ||
| 008 | 100717s1996 ||||||||||||||||| ||und|d | ||
| 020 | _a- | ||
| 024 | _a72149 | ||
| 035 | _a11612 | ||
| 040 |
_aYMCAF _beng _cIN-KoLT |
||
| 041 | _aeng | ||
| 082 |
_a005.42 _bDON |
||
| 100 | _aDONOWAN, J J | ||
| 245 | 0 | _aSYSTEM PROGRAMMING | |
| 250 | _a- | ||
| 260 |
_bTMH _c1996 |
||
| 300 | _a488 | ||
| 653 | _a- | ||
| 653 | _a- | ||
| 942 |
_2ddc _cBK |
||
| 999 |
_c6291 _d6291 |
||